[Event "XtraCon-Skakligaen"]
[Site "Denmark"]
[Date "2014.03.08"]
[Round "8.8"]
[White "Jorgensen, Rasmus"]
[Black "Klitgaard, Thomas"]
[Result "1-0"]
[WhiteElo "2062"]
[BlackElo "2182"]
[PlyCount "121"]
[EventDate "2013.11.02"]
[EventType "team-tourn"]
[EventRounds "9"]
[WhiteTeam "K41"]
[BlackTeam "Nordre"]
[WhiteTeamCountry "DEN"]
[BlackTeamCountry "DEN"]

1. c4 d6 2. g3 e5 3. Nc3 f5 4. Nf3 Nf6 5. d4 e4 6. Ng5 c6 7. Bg2 Be7 8. O-O O-O
9. f3 d5 10. cxd5 cxd5 11. Bf4 Nc6 12. e3 Kh8 13. Rc1 h6 14. Nh3 Be6 15. a3 Kh7
16. b4 a5 17. b5 Na7 18. Qb3 Qd7 19. b6 Nc6 20. Bc7 Bg8 21. Qa4 Ne8 22. fxe4
fxe4 23. Rxf8 Bxf8 24. Nxe4 Nxc7 25. bxc7 dxe4 26. Bxe4+ Kh8 27. Nf4 Bh7 28.
Bxh7 Kxh7 29. Qc2+ Kg8 30. Qb3+ Kh7 31. Qxb7 Qe8 32. Qxc6 Qxe3+ 33. Kg2 Rc8 34.
Qg6+ Kg8 35. Qf5 Qe8 36. a4 Bb4 37. Ne6 Qd7 38. Nxg7 Rxc7 39. Rxc7 Qxc7 40. Ne6
Qf7 41. Qxf7+ Kxf7 42. Nc7 Ke7 43. Kf3 Kd6 44. Nb5+ Kd5 45. g4 Kc4 46. Ke4 Kb3
47. Kd3 Be7 48. d5 Bf6 49. d6 Kb4 50. h3 Bg5 51. Kd4 Bf6+ 52. Kd5 Bh4 53. d7
Bg5 54. Nd4 Kxa4 55. Kc4 Ka3 56. Ne6 Bf6 57. d8=Q Bxd8 58. Nxd8 a4 59. Nc6 Kb2
60. h4 a3 61. Nb4 1-0

[Event "XtraCon-Skakligaen"]
[Site "Denmark"]
[Date "2014.03.08"]
[Round "8.1"]
[White "Schandorff, Lars"]
[Black "Pedersen, Christian Kyndel"]
[Result "1/2-1/2"]
[WhiteElo "2522"]
[BlackElo "2427"]
[PlyCount "66"]
[EventDate "2013.11.02"]
[EventType "team-tourn"]
[EventRounds "9"]
[WhiteTeam "Hillerod"]
[BlackTeam "Jetsmark"]
[WhiteTeamCountry "DEN"]
[BlackTeamCountry "DEN"]

1. d4 Nf6 2. c4 e6 3. Nf3 d5 4. Nc3 c6 5. Bg5 h6 6. Bxf6 Qxf6 7. e3 Nd7 8. Be2
g6 9. O-O Bg7 10. cxd5 exd5 11. b4 a6 12. a4 Qd6 13. Qb3 Nb6 14. a5 Nd7 15. e4
dxe4 16. Nxe4 Qf4 17. Rfe1 O-O 18. Bf1 Nf6 19. Nc5 Qc7 20. Bc4 Bf5 21. h3 Rad8
22. Rac1 Bc8 23. Rc3 Rfe8 24. Rce3 Rxe3 25. Rxe3 Nd5 26. Bxd5 Rxd5 27. Re8+ Bf8
28. Ne5 Kg7 29. Qe3 Rd8 30. Nc4 Rxe8 31. Qxe8 Be7 32. Ne5 Bxc5 33. dxc5 Be6
1/2-1/2

[Event "XtraCon-Skakligaen"]
[Site "Denmark"]
[Date "2014.03.08"]
[Round "8.2"]
[White "Rasmussen, Allan Stig"]
[Black "Borge, Nikolaj"]
[Result "1-0"]
[WhiteElo "2499"]
[BlackElo "2389"]
[PlyCount "53"]
[EventDate "2013.11.02"]
[EventType "team-tourn"]
[EventRounds "9"]
[WhiteTeam "Jetsmark"]
[BlackTeam "Hillerod"]
[WhiteTeamCountry "DEN"]
[BlackTeamCountry "DEN"]

1. d4 d6 2. e4 Nf6 3. Nc3 e5 4. Nf3 exd4 5. Nxd4 Be7 6. Bf4 O-O 7. Qd2 d5 8.
O-O-O Bb4 9. Ndb5 c6 10. Nc7 Nxe4 11. Qd4 Bxc3 12. bxc3 Qe7 13. Kb2 g5 14. Nxa8
gxf4 15. Re1 Be6 16. f3 c5 17. Qe5 Nc6 18. Qh5 f5 19. Qh6 d4 20. c4 Nf6 21. Bd3
Na5 22. Nc7 Qxc7 23. Rxe6 Ne8 24. Rhe1 Qf7 25. Kc1 b5 26. Re7 Qf6 27. Qxh7# 1-0

[Event "XtraCon-Skakligaen"]
[Site "Denmark"]
[Date "2014.03.08"]
[Round "8.3"]
[White "Ostergaard, Jens"]
[Black "Ochsner, Bjorn Moller"]
[Result "0-1"]
[WhiteElo "2273"]
[BlackElo "2296"]
[PlyCount "70"]
[EventDate "2013.11.02"]
[EventType "team-tourn"]
[EventRounds "9"]
[WhiteTeam "Hillerod"]
[BlackTeam "Jetsmark"]
[WhiteTeamCountry "DEN"]
[BlackTeamCountry "DEN"]

1. d4 Nf6 2. Nf3 g6 3. c4 Bg7 4. Nc3 O-O 5. e4 d6 6. Be2 e5 7. O-O Na6 8. Be3
Ng4 9. Bg5 Qe8 10. h3 h6 11. Bc1 exd4 12. Nxd4 Nf6 13. Bf3 Nh7 14. Bf4 Ng5 15.
Ndb5 Qd8 16. Bh2 Nc5 17. Rc1 a6 18. Na3 Qf6 19. Nd5 Nxf3+ 20. Qxf3 Qxf3 21.
gxf3 Bxh3 22. Nxc7 Rad8 23. b4 Nd3 24. Rb1 Bxf1 25. Kxf1 Rd7 26. Nd5 f5 27.
exf5 Rxf5 28. Ke2 Ne5 29. Ne3 Rf8 30. f4 Nc6 31. Kd3 d5 32. cxd5 Ne7 33. Rg1
Nxd5 34. Ke4 Nxf4 35. Bxf4 Rd4+ 0-1

[Event "XtraCon-Skakligaen"]
[Site "Denmark"]
[Date "2014.03.08"]
[Round "8.4"]
[White "Jensen, Bjarke"]
[Black "Jaksland, Tim"]
[Result "1/2-1/2"]
[WhiteElo "2321"]
[BlackElo "2260"]
[PlyCount "81"]
[EventDate "2013.11.02"]
[EventType "team-tourn"]
[EventRounds "9"]
[WhiteTeam "Jetsmark"]
[BlackTeam "Hillerod"]
[WhiteTeamCountry "DEN"]
[BlackTeamCountry "DEN"]

1. e4 c5 2. Nf3 d6 3. Bc4 e6 4. O-O a6 5. a4 Nf6 6. Re1 Nc6 7. Bb3 Be7 8. c3
O-O 9. d3 Qc7 10. h3 Bd7 11. Bf4 e5 12. Bg5 h6 13. Bc1 Be6 14. Nbd2 b5 15. Nf1
Na5 16. Bc2 b4 17. cxb4 cxb4 18. d4 Rfc8 19. Ne3 Nc4 20. Bd3 d5 21. dxe5 Nxe5
22. exd5 Nxd3 23. Qxd3 Rd8 24. Nd4 Bxd5 25. Nxd5 Rxd5 26. Qf3 Re8 27. Nf5 Qd7
28. Nxe7+ Rxe7 29. Be3 Re6 30. Rec1 Rc6 31. Rxc6 Qxc6 32. Qe2 Qe6 33. Rc1 Rd8
34. Qf3 Qb3 35. Qc6 Qxb2 36. Qxa6 Re8 37. Qd3 Qa2 38. Qc2 Qxc2 39. Rxc2 Ra8 40.
Ra2 Nd5 41. Bd2 1/2-1/2

[Event "XtraCon-Skakligaen"]
[Site "Denmark"]
[Date "2014.03.08"]
[Round "8.5"]
[White "Nordenbaek, Jan"]
[Black "Wiwe, Andreas"]
[Result "1-0"]
[WhiteElo "2261"]
[BlackElo "2287"]
[PlyCount "121"]
[EventDate "2013.11.02"]
[EventType "team-tourn"]
[EventRounds "9"]
[WhiteTeam "Hillerod"]
[BlackTeam "Jetsmark"]
[WhiteTeamCountry "DEN"]
[BlackTeamCountry "DEN"]

1. e4 c5 2. Nf3 d6 3. d4 cxd4 4. Nxd4 Nf6 5. Nc3 a6 6. Bg5 e6 7. f4 Be7 8. Qf3
Qc7 9. O-O-O Nbd7 10. g4 b5 11. Bxf6 Nxf6 12. g5 Nd7 13. f5 Nc5 14. f6 gxf6 15.
gxf6 Bf8 16. Rg1 h5 17. Kb1 b4 18. Nd5 exd5 19. exd5 Bg4 20. Re1+ Kd8 21. Qf2
Qb6 22. h3 Bd7 23. Rg7 Bxg7 24. fxg7 Rg8 25. Qxf7 Kc7 26. Re7 Rae8 27. Rxe8
Rxe8 28. Qxe8 Bxe8 29. g8=Q Bd7 30. Qf7 Kc8 31. Qxh5 Ne4 32. Qd1 a5 33. Qd3 Nc5
34. Qc4 Kb7 35. h4 Ne4 36. Kc1 a4 37. Bg2 Ng3 38. Bf3 Be8 39. a3 bxa3 40. bxa3
Ka7 41. Nc6+ Bxc6 42. dxc6 Qe3+ 43. Kb2 Qxf3 44. c7 Qb7+ 45. Ka2 Qc8 46. Qxa4+
Kb7 47. Qb3+ Kxc7 48. Qxg3 Qh8 49. Kb3 Qb8+ 50. Ka2 Qh8 51. Qg4 d5 52. Qb4 Kc6
53. a4 Qh5 54. a5 Qe2 55. Kb2 Kd7 56. Qa4+ Kc7 57. a6 Kb8 58. Qb4+ Kc7 59. Qc5+
Kd8 60. a7 Qe5+ 61. Ka2 1-0

[Event "XtraCon-Skakligaen"]
[Site "Denmark"]
[Date "2014.03.08"]
[Round "8.6"]
[White "Christensen, Stefan"]
[Black "Percivaldi, Martin"]
[Result "0-1"]
[WhiteElo "2278"]
[BlackElo "2191"]
[PlyCount "80"]
[EventDate "2013.11.02"]
[EventType "team-tourn"]
[EventRounds "9"]
[WhiteTeam "Jetsmark"]
[BlackTeam "Hillerod"]
[WhiteTeamCountry "DEN"]
[BlackTeamCountry "DEN"]

1. e4 e6 2. d4 d5 3. Nd2 Nc6 4. Ngf3 Nf6 5. e5 Nd7 6. Bd3 Nb4 7. Be2 c5 8. c3
Nc6 9. O-O Be7 10. Nb3 b6 11. Bf4 Bb7 12. Qd2 h6 13. Rfd1 c4 14. Nc1 b5 15. Re1
g5 16. Be3 g4 17. Bxh6 gxf3 18. Bxf3 Rg8 19. Qc2 Nf8 20. Ne2 Bg5 21. Bxf8 Rxf8
22. Bg4 Be7 23. f4 Qb6 24. Kh1 O-O-O 25. f5 exf5 26. Bxf5+ Kb8 27. b3 cxb3 28.
axb3 b4 29. Red1 bxc3 30. Qxc3 Bb4 31. Qd3 f6 32. exf6 Rxf6 33. Bg4 Bd6 34. Bf3
Nb4 35. Qh7 Bc7 36. Qe7 Rh8 37. h3 Rxf3 38. gxf3 Qg6 39. Ng1 Nd3 40. Qe2 Nf4
0-1

[Event "XtraCon-Skakligaen"]
[Site "Denmark"]
[Date "2014.03.08"]
[Round "8.7"]
[White "Pedersen, Martin Rosenkilde"]
[Black "Helledie, Anders"]
[Result "0-1"]
[WhiteElo "2176"]
[BlackElo "2237"]
[PlyCount "106"]
[EventDate "2013.11.02"]
[EventType "team-tourn"]
[EventRounds "9"]
[WhiteTeam "Hillerod"]
[BlackTeam "Jetsmark"]
[WhiteTeamCountry "DEN"]
[BlackTeamCountry "DEN"]

1. e4 e6 2. d4 d5 3. Nc3 Nf6 4. Bg5 dxe4 5. Nxe4 Be7 6. Bxf6 gxf6 7. g3 f5 8.
Nc3 Bf6 9. Nge2 Nc6 10. d5 Nb4 11. Bg2 Nxd5 12. Nxd5 exd5 13. c3 c6 14. O-O Be6
15. Nf4 O-O 16. Nh5 Bg7 17. Qd2 h6 18. Nxg7 Kxg7 19. Rfe1 Qf6 20. f4 Rad8 21.
Re5 Rd6 22. Qd4 b6 23. Qa4 a5 24. Rd1 Rfd8 25. a3 c5 26. b4 axb4 27. axb4 Qe7
28. bxc5 bxc5 29. Qa5 R6d7 30. Bh3 Kf6 31. Rde1 Qd6 32. Qb5 c4 33. Qb1 d4 34.
Bxf5 d3 35. Bxe6 fxe6 36. Rxe6+ Qxe6 37. Rxe6+ Kxe6 38. Qb6+ Rd6 39. Qe3+ Kf7
40. Qe4 d2 41. Qh7+ Kf8 42. Qh8+ Kf7 43. Qh7+ Ke8 44. Qg8+ Ke7 45. Qh7+ Ke6 46.
f5+ Ke5 47. Qg7+ Ke4 48. Qg4+ Kd3 49. Qd1 Kxc3 50. Qa1+ Kb4 51. Qb2+ Kc5 52.
Qa3+ Kb5 53. Qb2+ Kc6 0-1

[Event "XtraCon-Skakligaen"]
[Site "Denmark"]
[Date "2014.03.08"]
[Round "8.8"]
[White "Rathlev, Jakob"]
[Black "Andersen, Ib Hother"]
[Result "0-1"]
[WhiteElo "2250"]
[BlackElo "2119"]
[PlyCount "126"]
[EventDate "2013.11.02"]
[EventType "team-tourn"]
[EventRounds "9"]
[WhiteTeam "Jetsmark"]
[BlackTeam "Hillerod"]
[WhiteTeamCountry "DEN"]
[BlackTeamCountry "DEN"]

1. Nf3 c5 2. c4 Nc6 3. Nc3 g6 4. g3 Bg7 5. Bg2 d6 6. O-O Bf5 7. e4 Bg4 8. h3
Bxf3 9. Qxf3 e6 10. d3 Nd4 11. Qd1 Ne7 12. h4 O-O 13. Bg5 Rb8 14. Qd2 a6 15.
Rab1 b5 16. cxb5 axb5 17. b4 Qd7 18. Bf4 cxb4 19. Rxb4 Rfc8 20. Rc1 Nec6 21.
Rbb1 h5 22. Ne2 Nxe2+ 23. Qxe2 Nd4 24. Qd2 Be5 25. Be3 Rxc1+ 26. Rxc1 Rc8 27.
Rxc8+ Qxc8 28. f4 Bg7 29. Qf2 Qc3 30. Bf1 Nc2 31. Kh2 Bd4 32. Bxd4 Nxd4 33. Kg2
b4 34. Be2 e5 35. f5 Qd2 36. Bf1 Qxf2+ 37. Kxf2 Nb5 38. d4 Nxd4 39. fxg6 fxg6
40. Ke3 Kf7 41. Bc4+ Kf6 42. Kd3 g5 43. hxg5+ Kxg5 44. Bf7 Nb5 45. Kc4 Nc3 46.
Kxb4 Nxe4 47. Kc4 Nxg3 48. Bd5 e4 49. a4 h4 50. a5 h3 51. a6 h2 52. a7 h1=Q 53.
a8=Q Qc1+ 54. Kb4 Qd2+ 55. Kb3 Qd3+ 56. Kb4 Qb1+ 57. Kc4 Qd3+ 58. Kb4 Kf4 59.
Qg8 Nf5 60. Be6 e3 61. Qg6 Qe4+ 62. Kc3 e2 63. Bxf5 e1=Q+ 0-1

[Event "XtraCon-Skakligaen"]
[Site "Denmark"]
[Date "2014.03.08"]
[Round "8.1"]
[White "Hector, Jonny"]
[Black "Matthiesen, Arne"]
[Result "1-0"]
[WhiteElo "2503"]
[BlackElo "2358"]
[PlyCount "129"]
[EventDate "2013.11.02"]
[EventType "team-tourn"]
[EventRounds "9"]
[WhiteTeam "Nordkalotten"]
[BlackTeam "SK1968"]
[WhiteTeamCountry "DEN"]
[BlackTeamCountry "DEN"]

1. d4 e6 2. Nc3 Nf6 3. Nf3 d5 4. Bg5 Nbd7 5. e4 h6 6. Bh4 dxe4 7. Nxe4 Be7 8.
Nxf6+ Bxf6 9. Bg3 O-O 10. Qd3 c5 11. O-O-O Qb6 12. Be5 cxd4 13. Bxd4 Bxd4 14.
Qxd4 Qxd4 15. Rxd4 b6 16. Bb5 Nf6 17. Bc6 Rb8 18. Ne5 Bb7 19. Rhd1 Bxc6 20.
Nxc6 Rb7 21. Ne5 g6 22. b3 Kg7 23. Kb2 Rc7 24. c4 Rfc8 25. a4 g5 26. g4 Ng8 27.
Rd8 Kf6 28. Nf3 Ke7 29. R8d3 Nf6 30. Ne5 h5 31. h3 hxg4 32. hxg4 Rh8 33. f4 Rg8
34. f5 Rc5 35. Nd7 Rc7 36. fxe6 fxe6 37. Ne5 Rc5 38. Re1 Rc7 39. Rh3 Rg7 40.
Rhe3 Kf8 41. R3e2 Ke7 42. Nf3 Rd7 43. Rxe6+ Kf7 44. R6e2 Kg8 45. Re6 Kf7 46.
Rc6 Nxg4 47. Rg1 Rd3 48. Rxg4 Rxf3 49. Rc7+ Kf6 50. Rxg7 Kxg7 51. Rxg5+ Kf7 52.
Rd5 Ke7 53. a5 Rg3 54. Ka3 Rf3 55. Ka4 Rh3 56. b4 Rh4 57. axb6 axb6 58. Kb5 Rh6
59. Rd4 Re6 60. Ka6 Ke8 61. Kb7 Rf6 62. Kc7 Re6 63. b5 Rf6 64. Re4+ Kf7 65. c5
1-0

[Event "XtraCon-Skakligaen"]
[Site "Denmark"]
[Date "2014.03.08"]
[Round "8.2"]
[White "Matthiesen, Martin"]
[Black "Kristensen, Kaare Hove"]
[Result "0-1"]
[WhiteElo "2306"]
[BlackElo "2342"]
[PlyCount "68"]
[EventDate "2013.11.02"]
[EventType "team-tourn"]
[EventRounds "9"]
[WhiteTeam "SK1968"]
[BlackTeam "Nordkalotten"]
[WhiteTeamCountry "DEN"]
[BlackTeamCountry "DEN"]

1. d4 d5 2. c4 c6 3. cxd5 cxd5 4. Bf4 Nf6 5. Nc3 Nc6 6. e3 Bf5 7. Rc1 e6 8. Qb3
Bb4 9. a3 Bxc3+ 10. Rxc3 Qd7 11. f3 O-O 12. Bb5 Rfc8 13. Ne2 a6 14. Bxc6 Rxc6
15. Rxc6 Qxc6 16. Kd2 Rc8 17. Rc1 Qd7 18. Rc5 Bg6 19. Qb6 h6 20. Be5 Rxc5 21.
dxc5 Qa4 22. Ke1 Qc2 23. Qb4 Nd7 24. Bd6 Bd3 25. Qd2 Qb1+ 26. Nc1 Bb5 27. Qc3
e5 28. Kd2 Qg6 29. g4 Qf6 30. f4 d4 31. Qb3 Qh4 32. exd4 Qf2+ 33. Kd1 Qxd4+ 34.
Ke1 Qg1+ 0-1

[Event "XtraCon-Skakligaen"]
[Site "Denmark"]
[Date "2014.03.08"]
[Round "8.3"]
[White "Sylvan, Jacob"]
[Black "Lindfeldt, Jan Magnus"]
[Result "1-0"]
[WhiteElo "2337"]
[BlackElo "2286"]
[PlyCount "137"]
[EventDate "2013.11.02"]
[EventType "team-tourn"]
[EventRounds "9"]
[WhiteTeam "Nordkalotten"]
[BlackTeam "SK1968"]
[WhiteTeamCountry "DEN"]
[BlackTeamCountry "DEN"]

1. d4 Nf6 2. c4 g6 3. Nc3 Bg7 4. e4 O-O 5. Be3 d6 6. f3 c5 7. Nge2 Qa5 8. Qd2
a6 9. d5 b5 10. Ng3 h5 11. Be2 h4 12. Bh6 Nh7 13. Bxg7 Kxg7 14. Nf1 b4 15. Nd1
e5 16. dxe6 Bxe6 17. Nfe3 Nc6 18. O-O Rad8 19. f4 Bc8 20. Bd3 Rde8 21. b3 Qd8
22. Nc2 Nf6 23. Nf2 Rh8 24. Rfe1 a5 25. Rad1 Qc7 26. Bf1 Rd8 27. Be2 Bb7 28.
Bf3 a4 29. Qc1 axb3 30. axb3 Nh5 31. Qb2+ f6 32. Bxh5 Rxh5 33. Ng4 Rf8 34. Rd5
Rxd5 35. exd5 Nd8 36. Nce3 Qf7 37. f5 Bc8 38. Rf1 g5 39. h3 Qe7 40. Ra1 Bb7 41.
Ra7 Qe4 42. Qa1 Rf7 43. Kh1 Qe7 44. Qa5 Qc7 45. Qa1 Qe7 46. Qb2 Qe4 47. Ra1 Qe7
48. Re1 Qe4 49. Kg1 Bc8 50. Re2 Bxf5 51. Nh6 Kxh6 52. Ng4+ Kg6 53. Rxe4 Bxe4
54. Qa1 Bf5 55. Qa8 Bxg4 56. Qxd8 Bd1 57. Qxd6 Bxb3 58. Qxc5 Rb7 59. Qc6 Ra7
60. d6 Ra1+ 61. Kf2 Ra2+ 62. Ke3 Ba4 63. Qe4+ Kh6 64. Qd4 Ra3+ 65. Ke4 Bc6+ 66.
Kf5 Bd7+ 67. Kxf6 b3 68. Qe3 Ra5 69. c5 1-0

[Event "XtraCon-Skakligaen"]
[Site "Denmark"]
[Date "2014.03.08"]
[Round "8.4"]
[White "Bank, Pelle Rodkjaer"]
[Black "Nielsen, Lars Aaes"]
[Result "1-0"]
[WhiteElo "2247"]
[BlackElo "2268"]
[PlyCount "71"]
[EventDate "2013.11.02"]
[EventType "team-tourn"]
[EventRounds "9"]
[WhiteTeam "SK1968"]
[BlackTeam "Nordkalotten"]
[WhiteTeamCountry "DEN"]
[BlackTeamCountry "DEN"]

1. e4 e6 2. d4 d5 3. Nd2 Nc6 4. Ngf3 Nf6 5. e5 Nd7 6. Bd3 f6 7. Ng5 Ndxe5 8.
dxe5 fxg5 9. Qh5+ g6 10. Bxg6+ Kd7 11. c4 Nxe5 12. Bc2 Qf6 13. O-O c6 14. cxd5
exd5 15. Nb3 Bh6 16. Bd2 Kd6 17. Bb4+ Kc7 18. Bc3 Bg7 19. f4 gxf4 20. Rae1 Qd6
21. Bxe5 Bxe5 22. Qxe5 Bd7 23. Rxf4 Rae8 24. Qxd6+ Kxd6 25. Rf6+ Kc7 26. Rxe8
Rxe8 27. Rf7 Kd6 28. Rxh7 Re2 29. Bg6 Rxb2 30. h4 Be6 31. h5 c5 32. h6 d4 33.
Rg7 Bd5 34. Bf5 Re2 35. Rd7+ Kc6 36. Na5+ 1-0

[Event "XtraCon-Skakligaen"]
[Site "Denmark"]
[Date "2014.03.08"]
[Round "8.5"]
[White "Hove, Esben Kjems"]
[Black "Hansen, Lars"]
[Result "0-1"]
[WhiteElo "2232"]
[BlackElo "2241"]
[PlyCount "84"]
[EventDate "2013.11.02"]
[EventType "team-tourn"]
[EventRounds "9"]
[WhiteTeam "Nordkalotten"]
[BlackTeam "SK1968"]
[WhiteTeamCountry "DEN"]
[BlackTeamCountry "DEN"]

1. d4 d5 2. Nf3 Nf6 3. Bf4 c5 4. e3 Nc6 5. c3 Qb6 6. Qc1 Bf5 7. Nbd2 Rc8 8. Nb3
c4 9. Nbd2 Nh5 10. Bg3 Nxg3 11. hxg3 h6 12. Be2 e6 13. Bd1 Bd6 14. Bc2 Bxc2 15.
Qxc2 f5 16. g4 Ne7 17. gxf5 exf5 18. Ne5 Bxe5 19. dxe5 O-O 20. Nf3 Qe6 21. Qa4
Nc6 22. O-O a6 23. Rad1 Rfd8 24. b3 Nxe5 25. Nxe5 Qxe5 26. bxc4 dxc4 27. Rxd8+
Rxd8 28. Qxc4+ Qd5 29. Qb3 Qxb3 30. axb3 Rd2 31. Rc1 Kf7 32. Ra1 Ke6 33. Ra4
Kd5 34. Ra5+ Ke6 35. Kf1 Rc2 36. Rc5 Kd6 37. b4 b6 38. Rc8 Kd5 39. f3 g5 40.
Rc7 a5 41. Rf7 a4 42. Rxf5+ Kc4 0-1

[Event "XtraCon-Skakligaen"]
[Site "Denmark"]
[Date "2014.03.08"]
[Round "8.6"]
[White "Rewitz, Poul"]
[Black "Jakobsen, Peter"]
[Result "1/2-1/2"]
[WhiteElo "2233"]
[BlackElo "2238"]
[PlyCount "80"]
[EventDate "2013.11.02"]
[EventType "team-tourn"]
[EventRounds "9"]
[WhiteTeam "SK1968"]
[BlackTeam "Nordkalotten"]
[WhiteTeamCountry "DEN"]
[BlackTeamCountry "DEN"]

1. f4 d5 2. Nf3 Bg4 3. e3 Nd7 4. Be2 c6 5. b3 Bxf3 6. Bxf3 e5 7. Bb2 Qc7 8. g3
Ngf6 9. c4 dxc4 10. O-O Be7 11. bxc4 exf4 12. gxf4 g5 13. d4 Rg8 14. f5 O-O-O
15. Nc3 g4 16. Bg2 Ne5 17. Kh1 Nxc4 18. Bc1 Ne5 19. Rb1 Nf3 20. Bxf3 gxf3 21.
Qxf3 Ng4 22. Rb2 Bd6 23. Ne4 Bxh2 24. Nc5 b6 25. Na6 Qd6 26. e4 Qxd4 27. Rd2
Qc4 28. Rxd8+ Rxd8 29. Bg5 Ne5 30. Qg2 Rg8 31. Kxh2 Qxa6 32. f6 Rxg5 33. Qxg5
Qxf1 34. Qxe5 Qe2+ 35. Kg3 Qc4 36. Qe8+ Kb7 37. Qe7+ Ka6 38. e5 Qd3+ 39. Kf4
Qd4+ 40. Kf3 Qd3+ 1/2-1/2

[Event "XtraCon-Skakligaen"]
[Site "Denmark"]
[Date "2014.03.08"]
[Round "8.7"]
[White "Pedersen, Daniel V"]
[Black "Hansen, Bjarne"]
[Result "1-0"]
[WhiteElo "2245"]
[BlackElo "2288"]
[PlyCount "65"]
[EventDate "2013.11.02"]
[EventType "team-tourn"]
[EventRounds "9"]
[WhiteTeam "Nordkalotten"]
[BlackTeam "SK1968"]
[WhiteTeamCountry "DEN"]
[BlackTeamCountry "DEN"]

1. e4 g6 2. d4 Bg7 3. Nc3 c6 4. f4 d5 5. e5 Nh6 6. Nf3 f6 7. Be3 Qb6 8. Na4
Qa5+ 9. c3 Nd7 10. b4 Qc7 11. Bd3 Ng4 12. Bd2 O-O 13. Qe2 b5 14. Nc5 Nxc5 15.
bxc5 a6 16. h3 fxe5 17. fxe5 Nh6 18. g4 Nf7 19. O-O Be6 20. Rf2 Bh6 21. Bxh6
Nxh6 22. Ng5 Qd7 23. Raf1 Nf7 24. Rxf7 Rxf7 25. Rxf7 h6 26. Rf2 hxg5 27. Bxg6
Kg7 28. Bh5 Rg8 29. Qf1 Kh8 30. Bf7 Rg7 31. Bh5 Qc7 32. Rf8+ Kh7 33. Qd3+ 1-0

[Event "XtraCon-Skakligaen"]
[Site "Denmark"]
[Date "2014.03.08"]
[Round "8.8"]
[White "Pedersen, Gunnar"]
[Black "Ejsing, Esben"]
[Result "1/2-1/2"]
[WhiteElo "2254"]
[BlackElo "2153"]
[PlyCount "182"]
[EventDate "2013.11.02"]
[EventType "team-tourn"]
[EventRounds "9"]
[WhiteTeam "SK1968"]
[BlackTeam "Nordkalotten"]
[WhiteTeamCountry "DEN"]
[BlackTeamCountry "DEN"]

1. d4 c5 2. dxc5 e6 3. Nc3 Bxc5 4. Ne4 d5 5. Nxc5 Qa5+ 6. c3 Qxc5 7. e4 Nf6 8.
exd5 exd5 9. Nf3 O-O 10. Be2 Nc6 11. Be3 Qd6 12. O-O Re8 13. Re1 Bf5 14. Nd4
Nxd4 15. Bxd4 Ne4 16. Bd3 Re6 17. Bxe4 dxe4 18. Re3 Bg6 19. Qb3 b6 20. Ree1
Rae8 21. Rad1 Bh5 22. Rd2 Qf4 23. Be3 Qh4 24. Qb5 h6 25. Rd5 Bg4 26. Bf4 Qf6
27. Bg3 R6e7 28. h3 Bc8 29. Rd6 Qf5 30. Qxf5 Bxf5 31. Bf4 Rd7 32. Rxd7 Bxd7 33.
Rd1 Bb5 34. Rd4 Bd3 35. Rd7 a6 36. Be3 Re6 37. f4 Rc6 38. Kf2 b5 39. a3 a5 40.
Rb7 Bc4 41. g4 Rd6 42. b3 Bxb3 43. Rxb5 a4 44. Bd4 e3+ 45. Kxe3 Re6+ 46. Kf2 f6
47. Rb8+ Kh7 48. f5 Re4 49. Rb4 Rf4+ 50. Ke2 Re4+ 51. Be3 Re7 52. c4 g6 53.
fxg6+ Kxg6 54. Kd3 h5 55. c5 hxg4 56. Rxg4+ Kf5 57. Rf4+ Kg6 58. Bd4 f5 59. Rf1
Bd5 60. Rg1+ Kh6 61. Be3+ Kh7 62. Kd4 Bc6 63. Rb1 Re4+ 64. Kd3 Rh4 65. Rb6 Be4+
66. Kd4 Bg2+ 67. Kd3 Rxh3 68. Rb4 Bc6 69. Rd4 Bb5+ 70. Kd2 Rh2+ 71. Kc3 Rh3 72.
Kb4 Bc6 73. Rd6 Be4 74. Bd4 Bc2 75. c6 Rb3+ 76. Kc4 Bd3+ 77. Kd5 Be4+ 78. Ke5
Bxc6 79. Rxc6 Rxa3 80. Kxf5 Rf3+ 81. Ke4 Rb3 82. Ra6 a3 83. Bc5 Rb5 84. Bxa3
Kg7 85. Bd6 Kf7 86. Be5 Ke7 87. Kf5 Kd7 88. Rd6+ Ke7 89. Rc6 Kd7 90. Rc7+ Kd8
91. Ke6 Rxe5+ 1/2-1/2

[Event "XtraCon-Skakligaen"]
[Site "Denmark"]
[Date "2014.03.08"]
[Round "8.1"]
[White "Hillarp Persson, Tiger"]
[Black "Kolbak, Jens"]
[Result "1-0"]
[WhiteElo "2557"]
[BlackElo "2271"]
[PlyCount "80"]
[EventDate "2013.11.02"]
[EventType "team-tourn"]
[EventRounds "9"]
[WhiteTeam "Bronshoj"]
[BlackTeam "Norresundby"]
[WhiteTeamCountry "DEN"]
[BlackTeamCountry "DEN"]

1. d4 d5 2. c4 e6 3. Nc3 Nf6 4. cxd5 exd5 5. Bg5 Nbd7 6. e3 c6 7. Bd3 Be7 8.
Qc2 O-O 9. Nge2 Re8 10. O-O h6 11. Bh4 Nh5 12. Bxe7 Qxe7 13. Rae1 Ndf6 14. Nd1
Be6 15. f3 g6 16. e4 Rac8 17. e5 Nd7 18. Qd2 Kh7 19. f4 Ng7 20. Ne3 f5 21. g4
Rg8 22. Ng3 Rcf8 23. Kh1 c5 24. gxf5 Nxf5 25. Bxf5 gxf5 26. Rd1 Qh4 27. Qf2 c4
28. Ne2 Qxf2 29. Rxf2 Rd8 30. Nc3 Nf8 31. b3 cxb3 32. Rb1 Bd7 33. Rxb3 Bc6 34.
Nxf5 Ne6 35. Ne2 Rd7 36. Nfg3 Rf8 37. Kg2 Rg7 38. f5 Ng5 39. Nf4 Re8 40. Nfh5
Ne4 1-0

[Event "XtraCon-Skakligaen"]
[Site "Denmark"]
[Date "2014.03.08"]
[Round "8.2"]
[White "Sorensen, Bent"]
[Black "Aabling Thomsen, Jakob"]
[Result "1-0"]
[WhiteElo "2247"]
[BlackElo "2375"]
[PlyCount "87"]
[EventDate "2013.11.02"]
[EventType "team-tourn"]
[EventRounds "9"]
[WhiteTeam "Norresundby"]
[BlackTeam "Bronshoj"]
[WhiteTeamCountry "DEN"]
[BlackTeamCountry "DEN"]

1. Nf3 g6 2. g3 Bg7 3. Bg2 e5 4. O-O d5 5. c4 d4 6. d3 a5 7. Na3 Ne7 8. Nc2 O-O
9. b3 h6 10. a3 Nbc6 11. Bd2 Be6 12. b4 e4 13. Nfe1 exd3 14. exd3 Qd7 15. b5
Nd8 16. Nf3 Bg4 17. Re1 Re8 18. Qc1 Qf5 19. Nfxd4 Qh5 20. Rb1 c5 21. bxc6 bxc6
22. Bf4 Rc8 23. Bd6 Ne6 24. Nxe6 Bxe6 25. Qf4 g5 26. Qd2 Nf5 27. Be5 Red8 28.
Bxg7 Nxg7 29. Ne3 Qg6 30. Qxa5 Rxd3 31. Rb6 Rd6 32. c5 Rd7 33. Bxc6 Rdc7 34.
Bb7 Rxc5 35. Qb4 R8c7 36. Nd5 Rxb7 37. Qxc5 Rd7 38. Ne7+ Rxe7 39. Qxe7 Qf5 40.
Qd8+ Kh7 41. Qd4 Qa5 42. Qb4 Qa7 43. a4 Nf5 44. Rexe6 1-0

[Event "XtraCon-Skakligaen"]
[Site "Denmark"]
[Date "2014.03.08"]
[Round "8.3"]
[White "Pilgaard, Kim"]
[Black "Andreasen, Per Naesby"]
[Result "1/2-1/2"]
[WhiteElo "2403"]
[BlackElo "2232"]
[PlyCount "76"]
[EventDate "2013.11.02"]
[EventType "team-tourn"]
[EventRounds "9"]
[WhiteTeam "Bronshoj"]
[BlackTeam "Norresundby"]
[WhiteTeamCountry "DEN"]
[BlackTeamCountry "DEN"]

1. d4 g6 2. c4 Bg7 3. e4 d6 4. Nc3 e5 5. Nge2 Nc6 6. Be3 Nh6 7. f3 f5 8. d5 Ne7
9. Qd2 Nf7 10. g3 c5 11. Bg2 fxe4 12. fxe4 Ng8 13. O-O Nf6 14. h3 O-O 15. a3 a6
16. b4 b6 17. Kh2 Bd7 18. Rab1 Qc7 19. Rb3 Rfb8 20. Rfb1 Be8 21. Ng1 cxb4 22.
Rxb4 Nd7 23. Bf1 Bf6 24. h4 Nc5 25. Nh3 Kg7 26. Be2 Bd7 27. Nf2 h5 28. R4b2 b5
29. cxb5 axb5 30. Bxb5 Rxa3 31. Bxd7 Rxb2 32. Qxb2 Rb3 33. Qc2 Rxb1 34. Nxb1
Qxd7 35. Nd2 g5 36. hxg5 Bxg5 37. Nf1 Bxe3 38. Nxe3 Ng5 1/2-1/2